000 00288pam a2200133 a 4500
020 _c
041 _aeng
082 _bCHA
100 _aCharnia KE .
245 _aAratificial Intelligence
_hTextual Documents
260 _a[s.l]:
_bAddison Wesley
300 _a701 pg .
930 _a5054
999 _c81970
_d81970